MDQL
is popping MORE tags! Check the
thread
!
Quizzes
Events
Quiz Creation
Community
Videos
Private Events
Remove Ads
Sign In
Join for FREE
Feedback
Dark Mode
Quiz Categories
Sports
Geography
Music
Movies
Television
Just For Fun
Miscellaneous
History
Literature
Language
Science
Gaming
Entertainment
Religion
Holiday
For Kids
Quiz Lab
Recent
Popular Today
Quiz Kudos Today
Editor Picks
Curator Picks
Quizzes by...
Day
Popularity
Type
Ratings
Length
Year
Community
Subscriptions
Recent Discussions
Orange Saloon
Badges
Playlists
Quests
Create
Leaderboards
Showdown
Live 5
Trivia Bingo
Activity
Puzzle Library
Sporcle Events
Private Events
Virtual Trivia
Globe League
Become a Host
Pub Owners
SporcleCon
Opinionation
Our Games
Videos
Blog
Mobile Apps
Partnerships
Remove Ads and Go Orange
Feedback
Sports
Athletes
MLB
NBA
NHL
NFL
Soccer
Sports Teams
WWE
NCAA
Football
Premier League
Basketball
Baseball
Hockey
Golf
Tennis
Cricket
Rugby
Auto Racing
Olympics
World Cup
Sports
Athletes
MLB
NBA
NHL
NFL
Soccer
Sports Teams
WWE
NCAA
Football
Premier League
Basketball
Baseball
Hockey
Golf
Tennis
Cricket
Rugby
Auto Racing
Olympics
World Cup
Random Quiz
Search Sporcle
×
Quiz Lab
Quiz Lab
Sports
2000s
Type in answers that appear in a list
Type in answers that appear in a list
Classic
Best Score? Go Orange.
F.C. Internazionale players of 2000-2009 Stats
Can you name the F.C. Internazionale players of 2000-2009?
By
paparazis
15m
156 Questions
753 Plays
753 Plays
753 Plays
Comments
Comments
Give Quiz Kudos
Give Quiz Kudos
-
- Ratings
hide this ad
More Info
Replay
Link that replays current quiz
Next Quiz
Link to next quiz in quiz playlist
You Got
0%
They Got
Avg Score
34%
Avg Friend Score
Upgrade to see
Score Distribution
Jump to the score distribution portion of the page
Score
0/156
Timer
15:00
0
Plays Today
Debut Season
Footballer
% Correct
2000
Javier Zanetti
94.2%
2001/
02
Cristiano Zanetti
93.9%
2006/
07
Zlatan Ibrahimovic
90%
2009/
10
Diego Milito
88.2%
2001/
02
Francesco Toldo
87.3%
2009/
10
Samuel Eto'o
86.6%
2001/
02
Marco Materazzi
86.3%
2004/
05
Esteban Cambiasso
86.3%
2000
Ronaldo
85.8%
2009/
10
Wesley Sneijder
84.5%
2006/
07
Maicon
84.1%
2005/
06
Walter Samuel
83.9%
2000
Christian Vieri
83.1%
2003/
04
Dejan Stankovic
80.5%
2009/
10
Lucio
80.1%
2000
Ivan Cordoba
77.7%
2007/
08
Cristian Chivu
77.6%
2002/
03
Hernan Crespo
76.8%
2006*
Cesar
73.7%
2005/
06
Luis Figo
71.8%
2001/
02
Adriano
71.8%
2007/
08
Mario Balotelli
71.4%
2006/
07
Patrick Vieira
70.5%
2000
Alvaro Recoba
68.5%
2000
Clarence Seedorf
68.4%
2002/
03
Fabio Cannavaro
66%
2000
Andrea Pirlo
65.9%
2003/
04
Julio Cruz
65.6%
2002/
03
Obafemi Martins
63.1%
2004/
05
Juan Sebastian Veron
61.1%
2009/
10
Thiago Motta
60.3%
2008/
09
Sulley Muntari
60%
2000
Roberto Baggio
58.4%
2007/
08
Filippo Mancini
56.3%
2008/
09
Mancini
56.3%
2008/
09
Ricardo Quaresma
56.2%
2008/
09
Davide Santon
55.1%
2000
Ivan Zamorano
54.3%
2001/
02
Belozoglu Emre
52.3%
2006/
07
Maxwell
52.1%
2002/
03
Francesco Coco
50.9%
2000
Luigi Di Biagio
49.7%
2000
Angelo Peruzzi
49.1%
2005/
06
Julio Cesar
49%
2004/
05
Nicolas Burdisso
47%
2006/
07
Fabio Grosso
46.9%
2001/
02
Mohamed Kallon
44.1%
2005/
06
Santiago Solari
43.8%
2000/
01
Sebastien Frey
42.8%
2004/
05
Sinisa Mihajlovic
42.4%
2007/
08
David Suazo
42%
2006/
07
Olivier Dacourt
40.8%
Debut Season
Footballer
% Correct
2000/
01
Robbie Keane
40.5%
2003*
Gabriel Batistuta
40.2%
2000
Laurent Blanc
40.2%
2006/
07
Mariano Gonzalez
39.6%
2000
Adrian Mutu
38%
2005/
06
Paulo Orlandoni
37.7%
2004/
05
Giuseppe Favalli
37.6%
2001/
02
Okan Buruk
35.7%
2001/
02
Nicola Ventola
35.6%
2000/
01
Vratislav Gresko
35.1%
2002/
03
Matias Almeyda
34.3%
2003/
04
Giorgos Karagounis
34.3%
2000
Dario Simic
33.7%
2007/
08
Nelson Rivas
33.6%
2000
Benoit Cauet
32.8%
2003/
04
Thomas Helveg
32.1%
2000/
01
Francisco Farinos
31.5%
2001/
02
Sergio Conceiçao
31.3%
2005/
06
David Pizarro
31.1%
2003/
04
Andy Van Der Meyde
31.1%
2001*
Stephane Dalmat
30.5%
2000
Christian Panucci
30%
2002/
03
Daniele Adani
29.5%
2000
Grigoris Georgatos
28.7%
2001/
02
Andres Guglielminpietro
28%
2007/
08
Maniche
27.8%
2004/
05
Ze Maria
27.8%
2000/
01
Hakan Sukur
26.4%
2000
Vladimir Jugovic
26.3%
2000
Francesco Colonnese
26.2%
2007/
08
Luis Jimenez
25.1%
2004/
05
Fabian Carini
24.7%
2002/
03
Carlos Gamarra
24.6%
2000
Francesco Moriero
24.6%
2005/
06
Leonardo Bonucci
23.8%
2001/
02
Alberto Fontana
23.6%
2000/
01
Marcos Vampeta
23.5%
2002/
03
Domenico Morfeo
22.7%
2002/
03
Giovanni Pasquale
22.4%
2007/
08
Pele
21.9%
2001/
02
Nelson Vivas
21.9%
2005/
06
Pierre Wome
21.8%
2008/
09
Nsofor Obinna
20.1%
2003/
04
Kily Gonzalez
19.8%
2000/
01
Cristian Brocchi
19.7%
2006/
07
Lambros Choutos
18.9%
2000/
01
Matteo Ferrari
17.7%
2000
Salvatore Fresi
17.7%
2009/
10
Rene Krhin
17.3%
2003/
04
Sabri Lamouchi
17%
2001/
02
Gonzalo Sorondo
16.6%
2006/
07
Jonathan Biabiany
16.5%
Debut Season
Footballer
% Correct
2004/
05
Edgar Davids
16.1%
2003/
04
Jeremie Brechet
15.5%
2000
Michele Serena
15.1%
2000
Cyril Domoraud
15%
2003/
04
Luciano
15%
2004/
05
Marco Andreolli
14.9%
2006/
07
Francesco Bolzoni
13.3%
2000/
01
Marco Ballotta
12.1%
2000/
01
Bruno Cirillo
11.6%
2003/
04
Alex Cordaz
11%
2006/
07
Ibrahim Maaroufi
10.2%
2002/
03
Bernardo Corradi
9.8%
2001*
Antonio Pacheco
9.8%
2001*
Marco Ferrante
9.7%
2000
Fabrizio Ferron
9.2%
2000/
01
Nicola Beati
9%
2000/
01
Fabio Macellari
9%
2006/
07
Attila Filkor
8.4%
2007/
08
Aiman Napoli
8.1%
2005/
06
Goran Slavkovski
8.1%
2005/
06
Daniel Boumsong
8.1%
2000/
01
Anselmo Robbiati
7.8%
2009/
10
Guilio Donati
7.6%
2001/
02
Pasquale Padalino
7.4%
2006/
07
Sebastian Ribas
7.4%
2000/
01
Sixto Peralta
7.2%
2002/
03
Mattia Altobelli
7%
2002/
03
Nicola Napolitano
6.9%
2007/
08
Enrico Alfonso
6.5%
2000
Paulo Sousa
6.4%
2003/
04
Isah Eliakwu
6.1%
2002/
03
Salvatore Ferraro
6%
2004/
05
Tijani Belaid
5.7%
2007/
08
Luca Siligardi
5.7%
2004/
05
Fabrizio Biava
5.6%
2004/
05
Dino Marino
5.4%
2005/
06
Matteo Momentè
5.4%
2000/
01
Carlo Trezzi
5.4%
2002/
03
Luca Franchini
5.2%
2002/
03
Mario Rebecchi
5%
2004/
05
Hernan Dellafiore
4.9%
2007/
08
Ivan Fatic
4.8%
2002/
03
Alessandro Potenza
4.6%
2005/
06
Domenico Germinale
4.5%
2000/
01
Riccardo Fissore
4.4%
2004/
05
Riccardo Meggiorini
4.4%
2005/
06
Ilario Aloe
4.2%
2006/
07
Simone Fautario
4.2%
2007/
08
Marco Filippini
4%
2007/
08
Gabriele Puccio
3.6%
2000/
01
Corrado Colombo
3.3%
2002/
03
Wellinton
3.3%
Quiz Playlist
Details
Report
Send in Message
Add To Playlist
More Info:
2000 means players debut was earlier than in the beggining in the decade. * - player came during winter transfer window.
Classic:
Type in answers that appear in a list
Quiz Source
Last Updated: May 8, 2018
Quiz Scoreboard
CHALLENGE
Sign Up to Join the Scoreboard
Show All
Scores
Hide
Comments
May contain spoilers
Recently Published
5x2 Blitz: Bands
by SL_Kpop136
Music
30s
Colored Red Africa Blitz
by spor1
Geography
30s
Find the 'City' Movie
by crazypaving
Movies
60s
More to Explore
Quiz From the Vault
Featured Blog Post
14 Easter Pick-up Lines to Find Eggs With
hide this ad
You Might Also Like...
Tags
2000s
debut
FC Internazionale
Footballer
Internazionale
Player
season
Today's Top Quizzes in Sports
Browse Sports
hide this ad
Today's Top Quizzes in 2000s
Browse 2000s
Top Contributed Quizzes in Sports
1
Players with Multiple 50 Home Run Seasons
2
Criteria MLB: Left Handed Sluggers
3
MLB Players with Two .350 Batting Average Seasons
4
Who Hit More Homers?
5
Premier League Clubs since 2000 (minefield)
6
Who Needs Fielders?
7
2020 F1 Drivers Logic Puzzle
8
Les entraîneurs de l'OM et du PSG au 21e siècle
9
Top 10 NHL Goal Scorers of All Time
10
MLB Hall of Famer by Rings
Explore More
Trending Topics
Marvel
NBA
Disney
Anime
Harry Potter
Crossword
Kpop
Country
WWE
Pokémon
NFL
Song
Soccer
Puzzle
The Office
hide this ad
More By:
paparazis
Quiz
Plays
Rating
Category
Featured
Created
F.C. Internazionale players of 2000-2009
753
5.00
Sports
Dec 29, 2009
Go to Creator's Profile
Score Distribution
Quiz Creator Spotlight
paparazis
Follow
Send a Message
Quizzes Created
-
Created Quiz Play Count
-
More By This Creator
Popular Quizzes Today
1
Find the 'City' Movie
2
Colored Red Africa Blitz
3
Find the US States - No Outlines Minefield
4
5x2 Blitz: Bands
5
The Countries of the World
6
Find the US States
7
US States
8
9x9 Crossword: Cartoon Network
More Sports Quizzes
Albo d'oro della Serie A
Quiz Lab
Trending Quizzes
Colored Red Europe Blitz I
Colored Red Africa Blitz II
Colored Red Europe Blitz II
Colored Red Europe Blitz III
Colored Red Africa Blitz III
Recently Updated
Famous TV Couples
Peacemaker
Champions League XIs: Real Madrid
pecheneg
Largest US Cities 1790-2010
pecheneg
Rides in Walt Disney World
pecheneg
Most Oscar Losses (Acting)
pecheneg
Beyoncé Albums
pecheneg
Leaping Animals
pecheneg
Reality TV Shows (A-Z)
bhenderson79
Rickey Henderson's Hall of Fame Teammates
pecheneg
Champions League XIs: Arsenal
pecheneg
Trending Topics
Kpop
NBA
Anime
Disney
Crossword
Marvel
Harry Potter
WWE
The Office
NFL
Song
Puzzle
Country
Pokémon
Soccer
Your Account Isn't Verified!
In order to create a playlist on Sporcle, you need to verify the email address you used during registration. Go to your
Sporcle Settings
to finish the process.
Report this User
Report this user for behavior that violates our
Community Guidelines
.
Details:
Send Report
Go to the Sporcle.com Mobile Site →
Comments